June 29, 1999 / David Wiesner.
Available copies
- 2 of 2 copies available at LARL/NWRL Consortium. (Show)
- 2 of 2 copies available at Northwest Regional Library.
Current holds
0 current holds with 2 total copies.
Show Only Available Copies
| Location | Call Number / Copy Notes | Barcode | Shelving Location | Status | Due Date |
|---|---|---|---|---|---|
| Godel Memorial-Warren Library | e WIE (Text) | 35500001651288 | Main | Available | - |
| Roseau Public Library | e WIE (Text) | 35500001701554 | Main | Available | - |
Record details
- ISBN: 0395597625 :
- Physical Description: 1 v. (unpaged) : col. ill. ; 24 x 29 cm.
- Edition: RR #1005
- Publisher: New York : Clarion Books, c1992.
Content descriptions
| Summary, etc.: | While her third-grade classmates are sprouting ... Read More |
Search for related items by subject
| Subject: | Science > Experiments > Fiction. Vegetables > Fiction. Science fiction. |
| LDR | 01217cam a2200301Ia 4500 | ||
|---|---|---|---|
| 001 | 11314 | ||
| 003 | LARL_NWRL_CONSORTIUM | ||
| 005 | 19930622144415.0 | ||
| 008 | 910903s1992 nyua j 000 1 eng | ||
| 010 | . | ‡a91034854 /AC/r92 | |
| 020 | . | ‡a0395597625 : ‡c$15.95 | |
| 035 | . | ‡a(OCoLC)24503113 | |
| 040 | . | ‡aDLC ‡cDLC | |
| 082 | 0 | 0. | ‡a[E] ‡220 |
| 099 | . | ‡aWie | |
| 100 | 1 | . | ‡aWiesner, David. ‡0(LARL_NWRL_CONSORTIUM)60374 |
| 245 | 1 | 0. | ‡aJune 29, 1999 / ‡cDavid Wiesner. |
| 250 | . | ‡aRR #1005 | |
| 260 | . | ‡aNew York : ‡bClarion Books, ‡cc1992. | |
| 300 | . | ‡a1 v. (unpaged) : ‡bcol. ill. ; ‡c24 x 29 cm. | |
| 520 | . | ‡aWhile her third-grade classmates are sprouting seeds in paper cups, Becky has a more ambitious, innovative science project in mind. | |
| 650 | 1. | ‡aScience ‡xExperiments ‡vFiction. | |
| 650 | 1. | ‡aVegetables ‡vFiction. | |
| 650 | 1. | ‡aScience fiction. ‡0(LARL_NWRL_CONSORTIUM)30394 | |
| 901 | . | ‡a11314 ‡bOCLC ‡c11314 ‡tbiblio | |

Add to basket
Permalink
Disable Highlighting